000 00301nam a22001337a 4500
008 170621b xxu||||| |||| 00| 0 eng d
020 _a9780312208592
041 _aeng
080 _23 ED
_a32
100 _a20
101 _aSHP
245 _aTHE MODERN PRESIDENCY
_cPFIFFNER.J.P
942 _2udc
_cBK
999 _c18420
_d18420